Engineering in rocks for slopes, foundations and tunnels / (Record no. 81781)

MARC details
000 -LEADER
fixed length control field 00626nam a22002057a 4500
005 - DATE AND TIME OF LATEST TRANSACTION
control field 20140110143029.0
010 ## - LCCN (DPL NO)
LC control number ENG-109065
020 ## - INTERNATIONAL STANDARD BOOK NUMBER
International Standard Book Number 9788120348790
Terms of availability 650.00
035 ## - SYSTEM CONTROL NUMBER
System control number EN-92598
037 ## - SOURCE OF ACQUISITION
Source of stock number/acquisition DBAD/PUB
082 ## - DEWEY DECIMAL CLASSIFICATION NUMBER
Classification number 624.15132
245 ## - TITLE STATEMENT
Title Engineering in rocks for slopes, foundations and tunnels /
Statement of responsibility, etc edited by T. Ramamurthy
250 ## - EDITION STATEMENT
Edition statement 3rd ed
260 ## - PUBLICATION, DISTRIBUTION, ETC. (IMPRINT)
Place of publication, distribution, etc Delhi
Name of publisher, distributor, etc PHI Learning
Date of publication, distribution, etc 2014
270 ## - ADDRESS
Address Rimjhim House, 111, Patparganj Indl. Estate
City Delhi
Postal code 110092
300 ## - PHYSICAL DESCRIPTION
Extent xxiv,757p.
Dimensions 24cm(pbk)
500 ## - GENERAL NOTE
General note Includes index
700 ## - ADDED ENTRY--PERSONAL NAME
Personal name Ramamurthy, T.
942 ## - ADDED ENTRY ELEMENTS (KOHA)
Source of classification or shelving scheme Dewey Decimal Classification
Item type English Books
Call number suffix ENG
Classification part 624.15132
Holdings
Withdrawn status Lost status Not for loan Collection code Home library Current library Date acquired Source of acquisition Cost, normal purchase price Full call number Barcode Copy number Cost, replacement price Koha item type
    Not For Loan Non-fiction D.B.Act.Division D.B.Act.Division 09/01/2014 DBAD/PUB 650.00 624.15132 ENG EN-92598 1 650.00 English Books

© Delhi Public Library
Hit Counter
free hit counter